Kolektívna bezpečnosť OSN vo vzťahu ku kooperatívnej bezpečnosti

Fungovanie a vývoj medzinárodného spoločenstva vystavené radikálnym zmenám. Kolektívna bezpečnosť a koopertívna bezpečnosť OSN. Trendy v medzinárodnom právnom systéme.

Gespeichert in:
Bibliographische Detailangaben
1. Verfasser: Hraníková Pyteľová, Klaudia, 1985-
Format: Buchkapitel
Sprache:Slowakisch
Schlagworte:
Tags: Tag hinzufügen
Keine Tags, Fügen Sie das erste Tag hinzu!

MARC

LEADER 00000naa$a2200000$$$4500
001 0281430
005 20240717090214.5
041 0 |a slo 
044 |a SK 
245 1 0 |a Kolektívna bezpečnosť OSN vo vzťahu ku kooperatívnej bezpečnosti  |c Klaudia Hraníková Pyteľová 
520 |a Fungovanie a vývoj medzinárodného spoločenstva vystavené radikálnym zmenám. Kolektívna bezpečnosť a koopertívna bezpečnosť OSN. Trendy v medzinárodnom právnom systéme. 
610 2 0 |a Organizácia spojených národov 
610 2 0 |a bezpečnosť 
610 2 0 |a delegovanie právomoci 
610 2 0 |a právo 
100 1 |a Hraníková Pyteľová, Klaudia, 1985-